00566nam a2200217 i 4500003000900000005001700009007000300026008004100029040003000070041000800100082002700108245005100135264003800186300002700224336002700251337003300278338002800311600000300339650000300342700000300345DO-SdBNP20250711134542.0ta250711b2024 dr ||||| |||| 00| 0 spa d aDO-SdBNPbspacBNPHUerda aspa 4aRD864.4209bH519zH22200aHomenaje postumo a Bernarda Jiménez Clemente 1aMadrid, España :bINDEZ,c2024. a35 páginas ;c22 cm. atextobtxt2rdacontent asin mediaciónbn2rdamedia avolumenbnc2rdacarrier